Online
Catalog

Una cultura moribunda : (Record no. 34394)

MARC details
000 -CABECERA
campo de control de longitud fija 00979nam a2200277 a 4500
001 - NÚMERO DE CONTROL
campo de control 000034903
003 - IDENTIFICADOR DEL NÚMERO DE CONTROL
campo de control DO-SdBNP
005 - FECHA Y HORA DE LA ÚLTIMA TRANSACCIÓN
campo de control 20250529110806.0
008 - DATOS DE LONGITUD FIJA--INFORMACIÓN GENERAL
campo de control de longitud fija 111021s1970 mx 000 0 spa d
040 ## - FUENTE DE LA CATALOGACIÓN
Centro catalogador/agencia de origen DO-SdBNP
Lengua de catalogación spa
Centro/agencia transcriptor BNPHU
082 ## - NÚMERO DE LA CLASIFICACIÓN DECIMAL DEWEY
Número de clasificación xxxx
Número de documento/Ítem C372u
100 1# - ENTRADA PRINCIPAL--NOMBRE DE PERSONA
Nombre de persona Caudwell, Cristóbal,
Fechas asociadas al nombre 1907-1937
9 (RLIN) 60467
240 #0 - TÍTULO UNIFORME
Título uniforme Some studies about a moribund culture
Lenguaje de la obra español
245 10 - MENCIÓN DE TÍTULO
Título Una cultura moribunda :
Resto del título la cultura burguesa /
Mención de responsabilidad, etc. Cristobal Caudwell ; versión al español Vicente Romano ; prólogo G. Bernard Shaw.
260 ## - PUBLICACIÓN, DISTRIBUCIÓN, ETC.
Lugar de publicación, distribución, etc. México :
Nombre del editor, distribuidor, etc. Grijalbo,
Fecha de publicación, distribución, etc. 1970.
300 ## - DESCRIPCIÓN FÍSICA
Extensión 153 p. ;
Dimensiones 18 cm.
490 1# - MENCIÓN DE SERIE
Mención de serie Colección 70. Segunda serie
500 ## - NOTA GENERAL
Nota general Traducido del inglés.
650 #0 - PUNTO DE ACCESO ADICIONAL DE MATERIA--TÉRMINO DE MATERIA
Término de materia o nombre geográfico como elemento de entrada Historia social
9 (RLIN) 78961
650 #0 - PUNTO DE ACCESO ADICIONAL DE MATERIA--TÉRMINO DE MATERIA
Término de materia o nombre geográfico como elemento de entrada Clases sociales
Subdivisión cronológica Siglo XX
9 (RLIN) 1062
650 #0 - PUNTO DE ACCESO ADICIONAL DE MATERIA--TÉRMINO DE MATERIA
Término de materia o nombre geográfico como elemento de entrada Clase media
Subdivisión cronológica Siglo XX
9 (RLIN) 2589
700 1# - PUNTO DE ACCESO ADICIONAL--NOMBRE DE PERSONA
Nombre de persona Romano, Vicente,
Término indicativo de función/relación tr.
9 (RLIN) 60470
700 1# - PUNTO DE ACCESO ADICIONAL--NOMBRE DE PERSONA
Nombre de persona Bernard Shaw, G.,
Término indicativo de función/relación pról.
9 (RLIN) 60471
830 #0 - PUNTO DE ACCESO ADICIONAL DE SERIE-TÍTULO UNIFORME
Título uniforme Colección 70. Segunda serie
9 (RLIN) 60472
942 ## - ELEMENTOS DE PUNTO DE ACCESO ADICIONAL (KOHA)
Fuente del sistema de clasificación o colocación Dewey Decimal Classification
Tipo de ítem Koha Libro
Holdings
Estado de retiro Estado de pérdida Restricciones de uso No para préstamo Código de colección Localización permanente Ubicación/localización actual Ubicación en estantería Fecha de adquisición Número de inventario Total de préstamos Signatura topográfica completa Código de barras Fecha visto por última vez Precio válido a partir de Tipo de ítem Koha Nota pública
      Excluido de préstamo Monografías: Libros y Folletos General General Depósito 21.10.2011 LF1   xxxx C372u 34903-10 25.06.2020 25.06.2020 No se presta Perteneció a la biblioteca personal de Juan Isidro Jimenes Grullón.

Powered by Koha